000 00454nam a2200181Ia 4500
008 230711s9999||||xx |||||||||||||| ||und||
020 _a978-1-4200-7958-6
041 _aENG
082 _a667
_bMO-P
100 _aMorton,W.E
245 0 _aPhysical properties of textile fibres
250 _a4th Ed.
260 _c2008
_aEngland
_bWoodhead Publishing Pvt Ltd
300 _a776
650 _aTextile Engineering
700 _aHearle,J.W.S
942 _cBK
999 _c5486
_d5486